000 01097nam a2200313 a 4500
008
020 _a9780123848697 (paperback)
040 _aNUST
_cNUST
049 _aMAIN
090 _aREF TA166.K86
_bGOO
100 1 _aGoodman, Elizabeth.,
_aauthor.
245 1 0 _aObserving the user experience :
_ba practitioner's guide to user research/
_c Elizabeth Goodman ; Mike Kuniavsky & Andrea Moed.
250 _aSecond edition.
260 _aWaltham, MA :
_bMorgan Kaufmann,
_c2012.
300 _axiii, 585 pages :
_billustrations (some colour) ;
_c24 cm.
336 _atext
_btxt
_2rdacontent
337 _aunmediated
_bn
_2rdamedia
338 _avolume
_bnc
_2rdacarrier
500 _aIncludes index.
504 _aIncludes bibliographical references.
650 1 _aUser-centered system design.
650 _aObservation (Scientific method).
700 _aKuniavsky, Mike.,
_aauthor.
700 _aMoed, Andrea.,
_aauthor.
907 _a.b10405367
_b16-09-22
_c16-06-21
003
005 20230123141205.0
942 _cBOOKS
_kREF TA166.K86
_mGOO
999 _c169215
_d169215